Verzeichnis der verkauften Gemälde im deutschsprachigen Raum vor 1800 : the provenance index of the Getty Research Institute = The index of paintings sold in German-speaking countries before 1800

Saved in:
Bibliographic Details
Main Authors: Ketelsen, Thomas (Author)
Stockhausen, Tilmann von (Author)
Document Type: Book
Language:German
English
Published: München : Saur , 19XX-
Subjects:
Online Access:Rezension
Rezension
Related Items:Erscheint auch als: Verzeichnis der verkauften Gemälde im deutschsprachigen Raum vor 1800
Rezensiert in: [Rezension von: Thomas Ketelsen / Tilmann von Stockhausen, Verzeichnis der verkauften Gemälde im deutschsprachigen Raum vor 1800]
Author Notes:Thomas Ketelsen; Tilmann von Stockhausen. Hrsg. von Burton B. Fredericksen ...
LEADER 04455cam a2200841 ca4500
001 1169170900
003 DE-627
005 20260421115714.0
007 tu
008 020606n19uuuuuugw ||||| rd 00| ||ger c
016 7 |a 96374626X  |2 DE-101 
020 |a 3598244908  |9 3-598-24490-8 
035 |a (DE-627)1169170900 
035 |a (DE-603)104665793 
035 |a (DE-576)099170906 
035 |a (DE-599)DNB96374626X 
035 |a (OCoLC)615169041 
035 |a (OCoLC)615169041 
040 |a DE-627  |b ger  |c DE-627  |e rakwb 
041 |a ger  |a eng 
044 |c XA-DE 
072 7 |a ART000000  |2 bisacsh 
082 0 |a 702.88  |q SEPA  |2 23 
082 0 4 |a 46  |a 03 
084 |a 03  |a 46  |2 sdnb 
084 |a 9,10  |2 ssgn 
084 |a LH 60100  |2 rvk  |0 (DE-625)rvk/94169: 
084 |a LH 60000  |2 rvk  |0 (DE-625)rvk/94167: 
100 1 |a Ketelsen, Thomas  |d 1955-  |0 (DE-588)1021373664  |0 (DE-627)689785291  |0 (DE-576)166652407  |4 aut 
245 1 0 |a Verzeichnis der verkauften Gemälde im deutschsprachigen Raum vor 1800  |b the provenance index of the Getty Research Institute = The index of paintings sold in German-speaking countries before 1800  |c Thomas Ketelsen; Tilmann von Stockhausen. Hrsg. von Burton B. Fredericksen ... 
246 3 1 |a The index of paintings sold in German-speaking countries before 1800 
264 1 |a München  |b Saur  |c 19XX- 
336 |a Text  |b txt  |2 rdacontent 
337 |a ohne Hilfsmittel zu benutzen  |b n  |2 rdamedia 
338 |a Band  |b nc  |2 rdacarrier 
648 7 |a Geschichte 1600-1800  |2 gnd 
650 0 7 |0 (DE-588)4037220-0  |0 (DE-627)10623871X  |0 (DE-576)209022892  |a Malerei  |2 gnd 
650 0 7 |0 (DE-588)4143482-1  |0 (DE-627)105605212  |0 (DE-576)209726652  |a Auktionskatalog  |2 gnd 
650 0 7 |0 (DE-588)4120440-2  |0 (DE-627)105776521  |0 (DE-576)209535113  |a Herkunft  |2 gnd 
651 7 |0 (DE-588)4011882-4  |0 (DE-627)104704861  |0 (DE-576)208896155  |a Deutschland  |2 gnd 
655 7 |a Verzeichnis  |0 (DE-588)4188171-0  |0 (DE-627)105266639  |0 (DE-576)210051078  |2 gnd-content 
655 7 |a Wörterbuch  |0 (DE-588)4066724-8  |0 (DE-627)104682620  |0 (DE-576)209166061  |2 gnd-content 
689 0 0 |d g  |0 (DE-588)4011882-4  |0 (DE-627)104704861  |0 (DE-576)208896155  |a Deutschland  |2 gnd 
689 0 1 |d s  |0 (DE-588)4037220-0  |0 (DE-627)10623871X  |0 (DE-576)209022892  |a Malerei  |2 gnd 
689 0 2 |d s  |0 (DE-588)4143482-1  |0 (DE-627)105605212  |0 (DE-576)209726652  |a Auktionskatalog  |2 gnd 
689 0 3 |a z  |2 gnd  |a Geschichte 1600-1800 
689 0 |5 DE-101 
689 1 0 |d g  |0 (DE-588)4011882-4  |0 (DE-627)104704861  |0 (DE-576)208896155  |a Deutschland  |2 gnd 
689 1 1 |d s  |0 (DE-588)4037220-0  |0 (DE-627)10623871X  |0 (DE-576)209022892  |a Malerei  |2 gnd 
689 1 2 |d s  |0 (DE-588)4120440-2  |0 (DE-627)105776521  |0 (DE-576)209535113  |a Herkunft  |2 gnd 
689 1 3 |a z  |2 gnd  |a Geschichte 1600-1800 
689 1 |5 DE-101 
700 1 |a Stockhausen, Tilmann von  |d 1965-  |0 (DE-588)12035778X  |0 (DE-627)080624472  |0 (DE-576)170068382  |4 aut 
776 0 8 |i Erscheint auch als  |n Online-Ausgabe  |a Stockhausen, Tilmann von, 1965 -   |t Verzeichnis der verkauften Gemälde im deutschsprachigen Raum vor 1800  |d Berlin : De Gruyter, 2011  |h Online-Ressource (2401 S.)  |w (DE-627)1655898809  |w (DE-576)405077394  |z 9783110948554  |z 9783598244902 
787 0 8 |i Rezensiert in  |a Rees, Joachim, 1964 -   |t [Rezension von: Thomas Ketelsen / Tilmann von Stockhausen, Verzeichnis der verkauften Gemälde im deutschsprachigen Raum vor 1800]  |d 2003  |w (DE-627)1920615245 
856 4 2 |u https://swbplus.bsz-bw.de/bsz099170906rez.htm  |m B:DE-576;DE-16  |q application/pdf  |v 20081106100326  |x Verlag  |3 Rezension  |7 1 
856 4 2 |u http://www.sehepunkte.de/2003/03/2395.html  |m V:DE-576;X:Sehepunkte  |q text/html  |v 20180424113611  |3 Rezension  |7 1 
936 r v |a LH 60100  |b Kunsthandel und Kunstmarkt  |k Kunstgeschichte  |k Allgemeines. Allgemeine Kunstgeschichte  |k Bildende Kunst unter wirtschaftlichem Aspekt  |k Kunsthandel und Kunstmarkt  |0 (DE-627)127065117X  |0 (DE-625)rvk/94169:  |0 (DE-576)20065117X 
936 r v |a LH 60000  |b Allgemeines  |k Kunstgeschichte  |k Allgemeines. Allgemeine Kunstgeschichte  |k Bildende Kunst unter wirtschaftlichem Aspekt  |k Allgemeines  |0 (DE-627)1270641212  |0 (DE-625)rvk/94167:  |0 (DE-576)200641212 
936 s n |a l300  |2 mzub 
936 s n |a i100  |2 mzub 
936 s n |a a100  |2 mzub 
951 |a MC 
990 |a Deutschland 
990 |a Malerei 
990 |a Auktionskatalog 
990 |a Geschichte 1600-1800 
990 |a Deutschland 
990 |a Malerei 
990 |a Herkunft 
990 |a Geschichte 1600-1800 
991 |a Rezensiertes Werk 
999 |a KXP-PPN1169170900  |e 495721901X